000
00320nam a22001337a 4500
020
_a
978-0-7535-3957-6
082
_a
158
_b
BRI/H
100
_a
BRIDGE,RACHEL
245
_a
HOW TO MAKE A MILLION BEFORE LUNCH
260
_a
LONDON
_b
RANDOM HOUSE
300
_a
288
650
_a
PERSONALITY DEVELOPMENT
_z
LONDON
942
_c
BK
999
_c
5140
_d
5140